| 000 | 02180 a2200193 4500 | ||
|---|---|---|---|
| 001 | 37799 | ||
| 005 | 20260407155644.0 | ||
| 008 | 260407a1971 arg spa d | ||
| 003 | AR-UNSa-BCEJYS | ||
| 040 |
_aAR-UNSa-BCEJYS _bspa _cAR-UNSa-BCEJYS |
||
| 080 |
_a658.81 _xOrganización de las ventas |
||
| 245 | 1 | 0 | _aTeoría y práctica de la venta |
| 264 | 1 |
_aMadrid : _bEdiciones Rialp _c1971 |
|
| 300 |
_a606 p. _c23 cm. |
||
| 505 | _a1. El papel de la venta personal en el marketing - 2. Cómo se forma un vendedor eficaz - 3. Cómo usted mismo podrá vender - 4. Conversión del conocimiento sobre la oferta al lenguaje del posible cliente - 5. La psicología en el trato y persuasión en la venta personal - 7. La exposición selectiva al posible cliente o la aquiescencia para recibir a determinados vendedores - 8. La percepción selectiva del posible cliente y la retención del mensaje de la venta - 9. Acción selectiva: Cambio de actitudes, ideas y pareceres - 10. El vendedor y los aspectos situacionales de la persuación - 11. La teoría estímulo-respuesta en la ventas - 12. Fórmula de sugerencias mentales utilizada en la venta - 13. La estrategia de venta necesidad -satisfacción - 14. La solución de problemas y la idea de servicio utilizados en la venta - 15. Estrategia de método de venta en profundidad - 16. Métodos de venta a grupo y por equipo- 17. Selección de posibles clientes y utilización del teléfono y del correo como auxiliares de la venta personal - 18. Obtención de la entrevista e iniciación de la venta - 19. Influjo de las llamadas de venta sobre el cliente potencial - 20. Comprensión y tratamiento de las objeciones - 21. Imaginación y técnicas para obtener decisiones de compra - 22. Técnicas para tratar los problemas sobre precio.Descuentos y créditos - 23. El cuidado de los clientes y el fomento de la buena predisposición - 24. Por qué es contraproducente la persuasión falaz y confusionaria - 25. Eficaces actitudes y hábitos de trabajo del buen vendedor - 26. El futuro de la venta personal y de los vendedores eficaces. | ||
| 942 | _cBK | ||
| 590 | _aniveau_biblio:m niveau_hierar:0 | ||
| 100 | 1 | _aStroh, Thomas F. | |
| 999 |
_c2806 _d2806 |
||